| 000 | 00693nam a2200277Ia 4500 | ||
|---|---|---|---|
| 003 | OSt | ||
| 005 | 20260225095817.0 | ||
| 008 | 210417s9999 xx 000 0 und d | ||
| 020 | _a9780340894569 | ||
| 040 | _c- | ||
| 050 |
_a823.912 _bBLY |
||
| 082 |
_a823.912 _bBLY |
||
| 082 | _b22.823.912 BLY | ||
| 100 | _aBlyton, Enid | ||
| 245 | 4 |
_aTHE FAMOUS FIVE : FIVE RUN AWAY TOGETHER _cby Enid Blyton |
|
| 245 | 0 | _cFAMOUS FIVE FIVE RUN AWAY TOGETHER | |
| 250 | _b"229p. pbk.," | ||
| 260 | _aBRITAIN | ||
| 260 | _bHodder Children's Books | ||
| 260 | _c1942 | ||
| 300 | _a264p. | ||
| 490 | _3pbk | ||
| 700 | _a"Blyton, Enid." | ||
| 700 | _bENID BLYTON | ||
| 942 |
_2ddc _cENGLISH |
||
| 999 |
_c481067 _d481067 |
||